The Aligarh Journal of English Studies (Record no. 205978)
[ view plain ]
| 000 -LEADER | |
|---|---|
| fixed length control field | 00426nam a2200121 4500 |
| 008 - FIXED-LENGTH DATA ELEMENTS--GENERAL INFORMATION | |
| fixed length control field | 240927b |||||||| |||| 00| 0 eng d |
| 022 ## - INTERNATIONAL STANDARD SERIAL NUMBER | |
| International Standard Serial Number | 02580365 |
| 245 ## - TITLE STATEMENT | |
| Title | The Aligarh Journal of English Studies |
| Statement of responsibility, etc | edited by Mohammad Asim Siddiqui |
| 260 ## - PUBLICATION, DISTRIBUTION, ETC. (IMPRINT) | |
| Place of publication, distribution, etc | Aligarh |
| Name of publisher, distributor, etc | Department of English, Aligarh Muslim Uiversity |
| Date of publication, distribution, etc | 2024 |
| 300 ## - PHYSICAL DESCRIPTION | |
| Extent | Volume 31 |
| Dimensions | 24cm (pb) |
| 700 ## - ADDED ENTRY--PERSONAL NAME | |
| Personal name | Siddiqui,Mohammad Asim |
| Relator term | Editor |
| 9 (RLIN) | 72120 |
| 942 ## - ADDED ENTRY ELEMENTS (KOHA) | |
| Source of classification or shelving scheme | Dewey Decimal Classification |
| Item type | Periodicals |
| Call number suffix | THE |
| Serial record | 1 |
| Withdrawn status | Lost status | Source of classification or shelving scheme | Damaged status | Not for loan | Collection code | Home library | Current library | Shelving location | Date acquired | Source of acquisition | Cost, normal purchase price | Total Checkouts | Full call number | Date last seen | Copy number | Cost, replacement price | Price effective from | Koha item type |
|---|---|---|---|---|---|---|---|---|---|---|---|---|---|---|---|---|---|---|
| Dewey Decimal Classification | Not For Loan | Non-fiction | Central Library | Central Library | On Display | 27/09/2024 | DBAD | 1200.00 | THE | 27/09/2024 | 1 | 1200.00 | 27/09/2024 | Periodicals |
